Merged Border Countries Quiz Stats

Quiz Updated Apr 25, 2018

Also try: Border Countries
Challenge
Share
Tweet
Embed
Score 0/30 Timer 05:00
0 Plays Today
New Country Previous Countries % Correct
ChindiaChina + India
99.3%
GermlandsGermany + Netherlands
92.6%
El SalvamalaEl Salvador + Guatemala
92.4%
LibyptLibya + Egypt
89.5%
MaceeceMacedonia + Greece
82.1%
PerdorPeru + Ecuador
78.8%
FraiumFrance + Belgium
78.3%
SlolandSlovakia + Poland
77.8%
SomopiaSomalia + Ethiopia
77%
BoltinaBolivia + Argentina
75%
OmenOman + Yemen
72.4%
GaboonGabon + Cameroon
72.1%
SerovoSerbia + Kosovo
71.1%
AndainAndorra + Spain
71%
EritoutiEritrea + Djibouti
70.6%
New Country Previous Countries % Correct
BelaviaBelarus + Latvia
70%
TanyaTanzania + Kenya
69.6%
ZimbiaZimbabwe + Zambia
69.3%
KazakhgyzstanKazakhstan + Kyrgyzstan
67.8%
PanambiaPanama + Colombia
64.1%
MauroccoMauritania + Morocco
63%
CamnamCambodia + Vietnam
62.4%
BranameBrazil + Suriname
61.7%
AusteinAustria + Liechtenstein
59.8%
GuineoneGuinea + Sierra Leone
58.8%
SouthlandSouth Africa + Swaziland
56%
MalaneiMalaysia + Brunei
55.5%
PapesiaPapua New Guinea + Indonesia
51.1%
HunaineHungary + Ukraine
46.7%
MaleriaMali + Algeria
21.8%

You're not logged in!

Compare scores with friends on all Sporcle quizzes.
Join for Free
OR
Log In

You Might Also Like...

Show Comments

Extras

Top Quizzes Today


Score Distribution

Your Account Isn't Verified!

In order to create a playlist on Sporcle, you need to verify the email address you used during registration. Go to your Sporcle Settings to finish the process.

Report this User

Report this user for behavior that violates our Community Guidelines.

Details: